This or That: First Lady Quiz Stats

 Plays Quiz Updated Jul 29, 2019

Score 0/14 Timer 03:00
3 Plays Today
Question Answer Wrong Answers
Barack Obama Michelle Obama
99%
Melania Trump
0.3%
Dwight D. Eisenhower Mamie Eisenhower
98.4%
Hillary Clinton
0.7%
Donald Trump Melania Trump
98.4%
Jackie Kennedy
0.5%
Bill Clinton Hillary Clinton
98.1%
Betty Ford
1%
John F. Kennedy Jackie Kennedy
97.8%
Laura Bush
1.2%
Ronald Reagan Nancy Reagan
96%
Eleanor Roosevelt
3.1%
George W. Bush Laura Bush
95.9%
Rosalynn Carter
3.3%
George H. W. Bush Barbara Bush
95.9%
Mamie Eisenhower
3.3%
Lyndon B. Johnson Lady Bird Johnson
95.8%
Michelle Obama
3.3%
Harry S. Truman Bess Truman
92.2%
Barbara Bush
7%
Jimmy Carter Rosalynn Carter
90.8%
Bess Truman
8.4%
Richard Nixon Pat Nixon
87.2%
Nancy Reagan
12%
Franklin D. Roosevelt Eleanor Roosevelt
85.3%
Pat Nixon
13.9%
Gerald Ford Betty Ford
75.2%
Lady Bird Johnson
24%

You're not logged in!

Compare scores with friends on all Sporcle quizzes.
OR
Log In

Sporcle TV

Today on Sporcle TV


Watch our educational content, quiz creation guides, and fun videos on Sporcle TV.

Show Comments

Extras

Top Quizzes Today


Score Distribution

Your Account Isn't Verified!

In order to create a playlist on Sporcle, you need to verify the email address you used during registration. Go to your Sporcle Settings to finish the process.

Report this User

Report this user for behavior that violates our Community Guidelines.

Details: